| 000 | 00658nam a2200193Ia 4500 | ||
|---|---|---|---|
| 001 | 62704 | ||
| 008 | 180119n ii |||gr||||Z||||||asm | ||
| 082 | _a891.4108 | ||
| 110 |
_aAssam Higher Secondary Education Council . _cGuwahati _ePublisher. |
||
| 245 | 0 |
_aSahitya saurav _cPublished by Assam Higher Secondary Education Council _hTextual Documents |
|
| 250 | _a7th ed. | ||
| 260 |
_aGuwahati: _bAssam Higher Secondary Education Council ., _c2017. |
||
| 300 |
_a181p: _c21cm. |
||
| 500 | _aA 7th ed Assamese text book for higher secondary first year only | ||
| 653 | _aAssamese | ||
| 653 | _aAssamese text book | ||
| 653 | _aG-Assamese | ||
| 942 |
_2ddc _cBK |
||
| 999 |
_c63811 _d63811 |
||